| 000 | 01140nam a22003015a 4500 | ||
|---|---|---|---|
| 003 | EG-ScBUE | ||
| 005 | 20211129105456.0 | ||
| 008 | 190217s2017 ua f 000 0bara d | ||
| 017 | _a2017 / 4690 | ||
| 020 | _a9789774462918 | ||
| 040 |
_aEG-ScBUE _bara _erda _cEG-ScBUE _dEG-ScBUE |
||
| 082 | 0 | 4 |
_a892.78509 _bز ي ا _222 |
| 100 | 1 |
_aزيادة، مي، _d1886-1941، _eمؤلف. _925303 |
|
| 245 | 1 | 0 |
_aباحثة البادية / _cمي زيادة. |
| 264 | 1 |
_aالجيزة، مصر : _bوكالة الصحافة العربية (ناشرون)، _c2017. |
|
| 300 |
_a199 صفحة ؛ _c24 سم |
||
| 336 |
_2rdacontent _aنص _btxt |
||
| 337 |
_2rdamedia _aبدون وسيط _bn |
||
| 338 |
_2rdacarrier _aمجلد _bnc |
||
| 600 | 1 | 7 |
_aناصف، ملك حفني، _d1886-1918. _2BUEsh |
| 650 | 7 |
_aالشعراء العرب _zمصر _vتراجم. _2BUEsh |
|
| 650 | 7 |
_aالمرأة كشاعرة _zمصر. _2BUEsh |
|
| 650 | 7 |
_aالشعر العربى _zمصر _xتاريخ _yالعصر الحديث. _2BUEsh |
|
| 651 | _2BUEsh | ||
| 653 |
_bARALIT _cFebruary2019 |
||
| 655 |
_vReading book _934232 |
||
| 942 | _2ddc | ||
| 999 |
_c27172 _d27144 |
||